000 00984nam a22003137a 4500
003 CHAP
005 20220329143309.0
008 080312d2006 co r 00110 spa d
010 _a94591
011 _a95563
020 _a9789586706394
035 _a106190
040 _cCHAP
082 0 4 _a631.7
_bD53
100 1 _aDíaz Ortíz, Jaime Ernesto.
_933585
245 1 0 _aRiego por gravedad
_c/por Jaime Ernesto Díaz Ortíz
260 _aCali :
_bUniversidad del Valle,
_c2006
300 _a195 p. :
_bgráfs, ;
590 _aBATCH-UPD
_b10
_c20130110
_lUCH01
_h0654
590 _aBATCH-UPD
_b10
_c20130410
_lUCH01
_h0339
590 _aBATCH-UPD
_b10
_c20130914
_lUCH01
_h1217
590 _aCONVERSION
_b10
_c20130109
_lUCH01
_h1352
650 1 4 _aAgua
_xAprovechamiento.
_92282
650 1 4 _aIrrigación.
_960366
650 1 4 _aRiego de superficie.
_997372
901 _aBK
942 _cLIBRO
949 _a631.7 D53
_bBC
_cLIBRO
_d33724002050926
_eLIBRO
_gI.c./e.
_h109303
_i106190
_si
_t$389.00
999 _c94591
_d94591